| 000 | 00954nam a2200301 i 4500 | ||
|---|---|---|---|
| 003 | DO-SdBNP | ||
| 005 | 20250523092931.0 | ||
| 007 | ta | ||
| 008 | 250523b2024 dr ||||| |||| 00| 0 spa d | ||
| 020 | _a9789945801088 | ||
| 040 |
_aDO-SdBNP _bspa _cBNPHU _erda |
||
| 041 | _aspa | ||
| 082 | 4 |
_axxx _bP426d _222 |
|
| 100 | 1 |
_aPeralta Vásquez, Hilario, _d1974- _eautor _4aut. _987866 |
|
| 245 | 1 | 0 |
_aDesaprender / _cHilario Peralta Vásquez ; prólogo, Lissa Bueno. |
| 250 | _aPrimera edición | ||
| 264 | 4 |
_aSanto Domingo : _bEditora Búho, _c©2024. |
|
| 300 |
_a159 páginas ; _c22 cm. |
||
| 336 |
_atexto _btxt _2rdacontent |
||
| 337 |
_asin mediación _bn _2rdamedia |
||
| 338 |
_avolumen _bnc _2rdacarrier |
||
| 500 | _aIncluye datos biográficos del autor en las solapas | ||
| 504 | _aBibliografía: página 159 | ||
| 590 | _aInventariado, 2025 /LP | ||
| 700 | 1 |
_aBueno, Lissa _eprologuista _4pr. _987867 |
|
| 910 | _aLP | ||
| 942 |
_2ddc _cLBS1 |
||
| 999 |
_c58524 _d58524 |
||